000 00421nam a2200193Ia 4500
001 14386
003 GE_BSU
008 181216s||||||||xx |||||||||||||| ||und||
040 _cGE_BSU
080 _a821.111-32
100 _aGoudge,Elizabeth
245 4 _aThe Dean's watch
260 _aLondon
260 _bHodder and Stoughton
260 _c1960
300 _a319p.18cm.
653 _aThe Dean's watch
942 _cBK
999 _c47522
_d47522